000 00660nam a2200241Ia 4500
003 OSt
005 20221005130000.0
006 a|||||r|||| 00| 0
007 ta
008 221004b |||||||| |||| 00| 0 eng d
024 _a63839
037 _cTextual
040 _aCRL
_cCRL
_beng
041 _2eng
_aeng
082 _aW:4, H51
100 _aMerriam Charles E
_966652
245 0 _aPublic and private government
260 _c1945
490 _aIndiana University, Powell Lectures on philosophy, ed by W Harry Jellema, 8
650 _aPOLITICAL SCIENCE
942 _hW:4, H51
_cTEXL
_2cc
999 _c1055682
_d1055682